000 00328nam a22001457a 4500
003 SGT
082 _a617.6342
_bA95S
100 _aSturdevant, C. M.
245 _aThe Art & Science of Operative Dentistry
250 _a3rd Ed.
260 _bMosby
_c1995
300 _a824
650 _aOperative Dentistry
942 _2ddc
_cRARE
999 _c33256
_d33256